Ricostruisci la Carriera del Calciatore - James Milner - Statistics

Statistiche generali
  • Questo quiz è stato fatto 2 volte
  • Il punteggio medio è 2 su 10
Statistiche sulle risposte
Hint Risposta % Corretto
2023- Brighton
100%
2015-2023 Liverpool
50%
2010-2015 Manchester City
50%
2005-2006 Aston Villa
0%
2008-2010 Aston Villa
0%
2002-2003 Leeds Utd
0%
2003-2004 Leeds Utd
0%
2004-2005 Newcastle Utd
0%
2006-2008 Newcastle Utd
0%
2003 Swindon Town
0%
Nessun quiz corrispondente trovato
Distribuzione punteggi
Percentuale di utenti per punteggio
Percentile per numero di risposta
I tuoi punteggi nel tempo
Non hai fatto questo quiz